Yersin quê hương phía mặt trời /

Guardat en:
Dades bibliogràfiques
Autor principal: Trần Phương Hạnh
Format: Sách giấy
Idioma:Vietnamese
Publicat: TP.HCM : Trẻ , 1996
Etiquetes: Afegir etiqueta
Sense etiquetes, Sigues el primer a etiquetar aquest registre!
Thư viện lưu trữ: Thư viện Trường Đại học Đà Lạt
LEADER 00568nam a2200241 4500
001 DLU020010170
005 ##11/16/1999
041 # # |a vie 
082 # # |a 925  |b TR-H 
090 # # |a 925  |b TR-H 
100 # # |a Trần Phương Hạnh 
245 # # |a Yersin quê hương phía mặt trời /  |c Trần Phương Hạnh 
260 # # |a TP.HCM :  |b Trẻ ,  |c 1996 
300 # # |a 222 tr.;   |c 19 cm. 
992 # # |a 13000 
994 # # |a DLU 
900 # # |a False 
911 # # |a Administrator 
925 # # |a G 
926 # # |a A 
927 # # |a SH 
980 # # |a Thư viện Trường Đại học Đà Lạt